Deutsches Verbindung(ドイツ語の接続詞) - Statistics

General Stats
  • This quiz has been taken 16 times
  • The average score is 8 of 23
Answer Stats
Answer Hint % Correct
und そして
92%
aber しかし
83%
wenn ~のとき、もし~なら
75%
oder もしくは
67%
weil だから
58%
bevor ~する前に(5文字)
50%
dass ということ
50%
ob ~かどうか
50%
nachdem ~したあと
42%
seitdem ~して以来
42%
während ~している間
42%
da ~なので
33%
denn なぜなら
33%
sondern ~ではなく
33%
damit ~するために
25%
ehe ~する前に(3文字)
17%
obwohl ~にもかかわらず
17%
als ~したとき
8%
falls ~するならば
8%
indem ~しながら
8%
sobald ~するやいなや
0%
soviel ~する限り
0%
sowie ~するやいなや、(並列)並びに
0%
No matching quizzes found
Score Distribution
Percent of People with Each Score
Percentile by Number Answered
Your Score History
You have not taken this quiz